Dimensions of liquidity and their factors in the Slovenian banking sector
Vzrast záujmu o likviditu bánk v posledných rokoch medzi regulátormi, ale aj v autorských štúdiách. Spúšťacím mechanizmom nedávna globálna finančná kríza, v ktorej niekoľko systémov čelilo problémom s likviditou. Identifikácia interných faktorov, ktoré v slovinskom bankovom sektore využívajú multidi...
Enregistré dans:
| Auteur principal: | |
|---|---|
| Format: | Chapitre de livre |
| Langue: | anglais |
| Sujets: | |
| Tags: |
Pas de tags, Soyez le premier à ajouter un tag!
|
MARC
| LEADER | 00000naa a2200000 4500 | ||
|---|---|---|---|
| 001 | 0234412 | ||
| 005 | 20220719115439.3 | ||
| 041 | 0 | |a eng | |
| 044 | |a CZ | ||
| 245 | 1 | 0 | |a Dimensions of liquidity and their factors in the Slovenian banking sector |c Jana Laštůvková |
| 520 | |a Vzrast záujmu o likviditu bánk v posledných rokoch medzi regulátormi, ale aj v autorských štúdiách. Spúšťacím mechanizmom nedávna globálna finančná kríza, v ktorej niekoľko systémov čelilo problémom s likviditou. Identifikácia interných faktorov, ktoré v slovinskom bankovom sektore využívajú multidimenzionálnu lineárnu regresnú analýzu. Regresie fungujú s väčším počtom závislých premenných a predstavujú rôzne pohľady na riziko likvidity. Tieto závislé premenné sa vypočítavajú podľa špecifickej metódy merania rizika likvidity. Zvoleným sektorom je slovinský bankový sektor v období rokov 2001 - 2013. | ||
| 610 | 2 | 0 | |a Slovinsko |
| 610 | 2 | 0 | |a likvidita |
| 610 | 2 | 0 | |a bankovníctvo |
| 610 | 2 | 0 | |a banky |
| 610 | 2 | 0 | |a kríza finančná |
| 610 | 2 | 0 | |a analýza regresná |
| 100 | 1 | |a Laštůvková, Jana | |